ბათუმის შოთა რუსთაველის სახელმწიფო უნივერსიტეტის ბიბლიოთეკა

Реферативный журнал, №1. 2018. Литературоведение (ბიბ.ჩანაწერი № 55342)

000 -LEADER
fixed length control field 00709nam a2200205Ia 4500
001 - CONTROL NUMBER
control field 22420
003 - CONTROL NUMBER IDENTIFIER
control field GE_BSU
008 - FIXED-LENGTH DATA ELEMENTS--GENERAL INFORMATION
fixed length control field 181216s||||||||xx |||||||||||||| ||und||
040 ## - CATALOGING SOURCE
Transcribing agency GE_BSU
245 ## - TITLE STATEMENT
Title Реферативный журнал, №1. 2018. Литературоведение
245 ## - TITLE STATEMENT
Remainder of title Раздел. Социальные и гуманитарные науки
245 ## - TITLE STATEMENT
Statement of responsibility, etc. гл.ред.Цурганова Е.А.и др.
260 ## - PUBLICATION, DISTRIBUTION, ETC.
Place of publication, distribution, etc. Москва
260 ## - PUBLICATION, DISTRIBUTION, ETC.
Date of publication, distribution, etc. 2018
300 ## - PHYSICAL DESCRIPTION
Extent 211 стр. 21 см.
653 ## - INDEX TERM--UNCONTROLLED
Uncontrolled term Периодика
653 ## - INDEX TERM--UNCONTROLLED
Uncontrolled term Реферативный журнал, №1. 2018. Литературоведение
653 ## - INDEX TERM--UNCONTROLLED
Uncontrolled term პერიოდიკა
942 ## - ADDED ENTRY ELEMENTS (KOHA)
Koha item type პერიოდიკა
ეგზემპლარები
Withdrawn status Lost status Damaged status Not for loan Date acquired Barcode Date last seen Price effective from Koha item type Public note
        2018-12-17 p 79318 2018-12-17 2018-12-17 პერიოდიკა პერიოდიკა